[Event "Igualada and Anoia op 9th"]
[Site "Igualada"]
[Date "2014.02.01"]
[Round "3"]
[White "Molano Lafuente, Ismael"]
[Black "Serrano Carmona, Alfonso"]
[Result "1-0"]
[WhiteElo "2061"]
[BlackElo "1676"]
[PlyCount "64"]
[EventDate "2014.01.11"]
[EventType "swiss"]
[EventRounds "8"]
[EventCountry "ESP"]
[SourceTitle "EXT 2024"]
[Source "ChessBase"]
[SourceDate "2023.10.10"]
[SourceVersion "1"]
[SourceVersionDate "2023.10.10"]
[SourceQuality "1"]

1. f4 d5 2. Nf3 Nf6 3. e3 Bg4 4. h3 Bxf3 5. Qxf3 e6 6. d3 c6 7. Nd2 Bd6 8. d4 Nbd7 9. Bd3 Rc8 10. c3 c5 11. 0-0 0-0 12. g4 g6 13. Rf2 Ne8 14. Rg2 Ng7 15. Nf1 c4 16. Bc2 b5 17. Ng3 Nb6 18. h4 Qd7 19. Bd2 a5 20. Rf1 Na4 21. Bxa4 bxa4 22. h5 f6 23. hxg6 hxg6 24. e4 Qc6 25. Rh2 dxe4 26. Qxe4 f5 27. Qe2 Kf7 28. a3 Rb8 29. Bc1 Rbe8 30. Rff2 Bc7 31. Rh7 Rg8 32. Rfh2 Rh8 1-0